LEADER 01076nam a2200253 u 4500 001 000000020491 003 CaOOAMICUS 005 20070226110915.0 008 950307s1797 xx u000 u lat u 035 $a10500953 040 $aBAV-R2$bita$dPUL(R)$dBAV-R2 110 2 $aPapi.$0(OLS)http://pul/name/5229 240 10$aAtti$9(Papi).$0(OLS)http://pul/title/7345 245 10$aCollectio brevium atque instructionum Sancta Sedis Apostolicae de calamitatibus ecclesiae gallicanae. 250 $aNova editio ... 260 $a[S. l. :$bs. n.],$c1797. 300 $a2 v. in 1. ;$c15 cm 610 24$aChiesa cattolica$zFrancia.$0(OLS)http://pul/subject/2077 850 $aPUL 852 $aPUL$W1$xDP1 Antico 700$y26$m149 B 18$j28788$nBK-PRI$b $qStampati Antico$B28788$CPULBib$Z2$F28788 $H $81 941 1 $a15 961 $aINV: 1020 996 $6245$aCollectio brevium atque instructionum Sancta Sedis Apostolicae de calamitatibus ecclesiae gallicanae$9(OLS)http://pul/title/28836 996 $6260$a[S. l. :$bs. n.]$9(OLS)http://pul/publisher/47882 LEADER 01138nam a2200289 u 4500 001 000000062415 003 CaOOAMICUS 005 20070226121130.0 008 010928s1988 it u000 u ita u 020 $a8810304128 035 $a10904644 040 $aPUL(R)$bita 245 03$aLa spiritualitą del Nuovo Testamento /$ca cura di Giuseppe Barbaglio. 260 $aBologna :$bEDB,$c1988. 300 $a378 p. ;$c24 cm 490 1 $aStoria della spiritualitą ;$v2 504 $aBibliografia in nota. 650 4$aSpiritualitą cristiana.$0(OLS)http://pul/subject/13929 700 1 $aBarbaglio, Giuseppe,$d1934-2007.$0(OLS)http://pul/name/12654 830 0$aStoria della spiritualitą ;$v2.$0(OLS)http://pul/title/63571 850 $aPUL 852 $aPUL$W1$xSL Religione 1$y3$m41 P 2$j81165$nBK-PRI$b $qStampati$B81165$CPULBib$Z2$F81165 $H $81 941 1 $a8 961 $aINV: 60229 996 $6020$a8810304128$9(OLS)http://pul/number/80952 996 $6245$aLa spiritualitą del Nuovo Testamento$9(OLS)http://pul/title/63634 996 $6260$aBologna :$bEDB$9(OLS)http://pul/publisher/56073